Premier League winners - Statistics

General Stats
  • This quiz has been taken 88 times
  • The average score is 31 of 33
Answer Stats
Season Winner % Correct
2024/25 Liverpool
100%
2019/20 Liverpool
100%
2023/24 Manchester City
100%
2022/23 Manchester City
100%
2021/22 Manchester City
100%
2020/21 Manchester City
100%
2018/19 Manchester City
100%
2017/18 Manchester City
100%
2013/14 Manchester City
100%
2011/12 Manchester City
100%
2012/13 Manchester United
98%
2003/04 Arsenal
97%
2001/02 Arsenal
97%
1997/98 Arsenal
97%
2016/17 Chelsea
93%
2014/15 Chelsea
93%
2009/10 Chelsea
93%
2005/06 Chelsea
93%
2004/05 Chelsea
93%
2010/11 Manchester United
92%
2008/09 Manchester United
92%
2007/08 Manchester United
92%
2006/07 Manchester United
92%
2002/03 Manchester United
92%
2000/01 Manchester United
92%
1999/00 Manchester United
92%
1998/99 Manchester United
92%
1996/97 Manchester United
92%
1995/96 Manchester United
92%
1993/94 Manchester United
92%
1992/93 Manchester United
92%
2015/16 Leicester City
77%
1994/95 Blackburn Rovers
70%
No matching quizzes found
Score Distribution
Percent of People with Each Score
Percentile by Number Answered
Your Score History
You have not taken this quiz